000 00345 a2200133 4500
000 nam a22 7a 4500
100 _aHartley, Lyra
110 _aHartley, Lyra
245 _aBioindicators of Forensic Science
250 _aLatest edition
260 _bbrilliance publishing
_c2025
264 _bbrilliance publishing
_c2025
942 _cBK
999 _c394414
_d394414